000 00555nam a22001697a 4500
003 OSt
005 20240930155523.0
008 240930b |||||||| |||| 00| 0 eng d
040 _c0
082 _aDPer 050 R22 2000 June -December 2023 v123 no. 7124-728
100 _aQuin, Anicka.
_eauthor.
_961831
245 _aBody & mind :
_bwhen music is medicine /
_cAnicka Quin.
260 _aTaipei ;
_bReader's Digest Asia,
_cNovember 2023.
300 _aVolume 123, pages 24-31 ,
_billustration.
700 _aQuin, Anicka.
_eauthor.
_961831
942 _2ddc
_cPER
999 _c22011
_d22011